| 000 | 00466nam a2200145Ia 4500 | ||
|---|---|---|---|
| 008 | 231129s2010||||xx |||||||||||||| ||spa|| | ||
| 020 | _a978-958-99142-1-2 | ||
| 040 | _bspa | ||
| 082 | _a304.809861 R696c | ||
| 100 | _aRodríguez Garavito César | ||
| 245 | 0 | _aCortes y cambio social : cómo la Corte Constitucional transformó el desplazamiento forzado en Colombia | |
| 260 | _c2010 | ||
| 264 | _aDejusticia | ||
| 942 |
_2ddc _cBKS |
||
| 999 |
_c8154 _d8154 |
||